| 000 | 00438nam a2200169Ia 4500 | ||
|---|---|---|---|
| 003 | OSt | ||
| 005 | 20230527104906.0 | ||
| 008 | 210423s2006 xx 000 0 und d | ||
| 040 | _cAL | ||
| 082 |
_a155.4 _223 _bSHAC |
||
| 100 |
_aSHARMA (Ramnath). _9115232 |
||
| 245 | _aChild psychology. | ||
| 260 |
_aNew Delhi _bAtlantic Publishers and Distributors _c2006 |
||
| 365 |
_b795 _cINR |
||
| 906 | _aChild ; psychology. | ||
| 942 |
_2ddc _cBK |
||
| 999 |
_c174362 _d174362 |
||